000
00341nam a2200133Ia 4500
008
190723s9999 xx 000 0 und d
020
_a
13:978-1-25-902762-8
100
_a
Ross Westerfield Jordan
245
0
_a
Fundamentals of Corporate Finance
250
_a
9th
260
_a
New Delhi
_b
MCGraw Hill
_c
2017
300
_a
900
942
_c
BK
999
_c
1278
_d
1278